000 00499nam a2200217Ia 4500
005 20251020182444.0
008 200515s9999 xx 000 0 und d
082 _a534(85)/C14/ej.2
100 _aCáceres Graziani, Luis F.
245 0 _aEl gas natural
250 _a2a ed.
260 _aLima
260 _bGrupo S.R.L.
260 _c2000
300 _a110 p.
300 _bil., tbl., graf., fot., col.
500 _a1 ejemplar
650 _aGAS NATURAL
942 _cLIB
999 _c633
_d633